Normal view
MARC view
Entry Meeting Name
001 - CONTROL NUMBER
- control field: 84598
003 - CONTROL NUMBER IDENTIFIER
- control field: MY-SjTCS
005 - DATE AND TIME OF LATEST TRANSACTION
- control field: 20191212141943.0
008 - FIXED-LENGTH DATA ELEMENTS
- fixed length control field: 191212|| aca||aabn | a|a d
040 ## - CATALOGING SOURCE
- Original cataloging agency: MY-SjTCS
- Transcribing agency: MY-SjTCS
111 ## - HEADING--MEETING NAME
- Meeting name or jurisdiction name as entry element: SC-OCIS Roundtable
- Number of part/section/meeting: (3rd :
- Date of meeting or treaty signing: 2012 :
- Location of meeting: Kuala Lumpur, Malaysia)
670 ## - SOURCE DATA FOUND
- Source citation: Work cat.: (MY-SjTCS): SC-OCIS Roundtable (3rd : 2012 : Kuala Lumpur, Malaysia), Solutions for liquidity management :